[Event "ODJM A 2025"]
[Site "Willingen GER"]
[Date "2025.06.12"]
[Round "7"]
[White "Walter, Richard"]
[Black "Brau, Luca"]
[Result "1-0"]
[Termination "normal"]
[Board "14"]
[WhiteElo "2041"]
[BlackElo "1911"]
[WhiteClock "00:20:56"]
[BlackClock "00:01:27"]
[PlyCount "79"]
[WhiteFideId "34620028"]
[BlackFideId "34680756"]
[EventCountry "GER"]
[EventRounds "9"]
[EventType "swiss"]
[EventDate "2025.06.07"]

1. Nf3 {[%clk 01:30:59]} {[%emt 00:00:01]} Nf6 {[%clk 01:29:56]} {[%emt
00:01:04]} 2. g3 {[%clk 01:31:25]} {[%emt 00:00:04]} d5 {[%clk 01:29:40]}
{[%emt 00:00:46]} 3. Bg2 {[%clk 01:31:51]} {[%emt 00:00:04]} e6 {[%clk
01:29:15]} {[%emt 00:00:55]} 4. O-O {[%clk 01:32:13]} {[%emt 00:00:09]} Be7
{[%clk 01:28:50]} {[%emt 00:00:54]} 5. d4 {[%clk 01:32:38]} {[%emt 00:00:05]}
O-O {[%clk 01:28:35]} 6. c4 {[%clk 01:33:06]} {[%emt 00:00:47]} c6 {[%clk
01:27:56]} 7. Qc2 {[%clk 01:33:31]} {[%emt 00:01:14]} Nbd7 {[%clk 01:23:55]} 8.
Rd1 {[%clk 01:32:46]} {[%emt 00:05:47]} b6 {[%clk 01:19:26]} 9. Nbd2 {[%clk
01:30:06]} {[%emt 00:08:08]} Ba6 {[%clk 01:12:47]} 10. e4 {[%clk 01:22:36]}
{[%emt 00:15:09]} dxe4 {[%clk 01:07:16]} 11. Ng5 {[%clk 01:22:07]} {[%emt
00:07:00]} Bb7 {[%clk 00:58:32]} 12. Ngxe4 {[%clk 01:20:13]} {[%emt 00:11:37]}
Nxe4 {[%clk 00:57:32]} 13. Nxe4 {[%clk 01:20:33]} {[%emt 00:01:41]} Nf6 {[%clk
00:55:25]} 14. a4 {[%clk 01:16:23]} {[%emt 00:07:17]} a5 {[%clk 00:48:15]} 15.
Nxf6+ {[%clk 01:12:02]} {[%emt 00:12:30]} Bxf6 {[%clk 00:47:37]} 16. Be3 {[%clk
01:12:27]} {[%emt 00:01:14]} Qc7 {[%clk 00:40:47]} 17. c5 {[%clk 01:04:20]}
{[%emt 00:15:57]} bxc5 {[%clk 00:33:55]} 18. Qxc5 {[%clk 01:03:18]} {[%emt
00:08:54]} Be7 {[%clk 00:31:38]} 19. Qc2 {[%clk 00:58:03]} {[%emt 00:08:32]}
Rac8 {[%clk 00:24:44]} 20. Rac1 {[%clk 00:58:03]} {[%emt 00:07:54]} Qd7 {[%clk
00:23:32]} 21. Rd3 {[%clk 00:53:20]} {[%emt 00:06:54]} Bb4 {[%clk 00:22:03]}
22. h4 {[%clk 00:46:31]} {[%emt 00:09:18]} Rfd8 {[%clk 00:19:14]} 23. Rdd1
{[%clk 00:43:59]} {[%emt 00:06:21]} h6 {[%clk 00:16:31]} 24. g4 {[%clk
00:35:55]} {[%emt 00:11:47]} Be7 {[%clk 00:13:37]} 25. g5 {[%clk 00:35:24]}
{[%emt 00:04:25]} hxg5 {[%clk 00:13:25]} 26. hxg5 {[%clk 00:35:48]} {[%emt
00:00:49]} g6 {[%clk 00:12:43]} 27. Be4 {[%clk 00:33:36]} {[%emt 00:03:54]} Kg7
{[%clk 00:11:55]} {[%emt 00:01:18]} 28. Kg2 {[%emt 00:02:17]} e5 {[%clk
00:04:41]} {[%emt 00:07:42]} 29. Bf3 {[%clk 00:26:39]} {[%emt 00:05:40]} Rh8
{[%clk 00:04:08]} {[%emt 00:01:03]} 30. Rh1 {[%clk 00:19:05]} {[%emt 00:08:04]}
exd4 {[%clk 00:03:38]} {[%emt 00:01:01]} 31. Bf4 {[%clk 00:19:29]} {[%emt
00:00:05]} Bd6 {[%clk 00:02:53]} {[%emt 00:01:15]} 32. Qe4 {[%clk 00:19:54]}
{[%emt 00:00:07]} c5 {[%clk 00:00:41]} {[%emt 00:02:41]} 33. Be5+ {[%clk
00:20:19]} {[%emt 00:00:04]} f6 34. Bxf6+ {[%clk 00:20:25]} Kf7 {[%clk
00:00:57]} {[%emt 00:00:05]} 35. Qd5+ {[%clk 00:19:18]} {[%emt 00:01:37]} Bxd5
{[%clk 00:00:35]} {[%emt 00:00:53]} 36. Bxd5+ {[%clk 00:19:41]} {[%emt
00:00:06]} Ke8 {[%clk 00:00:33]} {[%emt 00:00:32]} 37. Rxh8+ {[%clk 00:20:05]}
{[%emt 00:00:05]} Bf8 {[%clk 00:00:54]} {[%emt 00:00:10]} 38. Re1+ {[%clk
00:20:31]} {[%emt 00:00:05]} Qe7 {[%clk 00:00:58]} {[%emt 00:00:25]} 39. Rxe7+
{[%clk 00:20:56]} {[%emt 00:00:05]} Kd8 {[%clk 00:01:27]} {[%emt 00:00:02]} 40.
Rxf8# {[%emt 00:00:07]} 1-0

[Event "ODJM A 2025"]
[Site "Willingen GER"]
[Date "2025.06.12"]
[Round "7"]
[White "Zhang, Onno"]
[Black "Tulchynsky, David"]
[Result "0-1"]
[Termination "normal"]
[Board "15"]
[WhiteElo "1859"]
[BlackElo "2009"]
[WhiteClock "00:56:16"]
[BlackClock "00:33:08"]
[PlyCount "66"]
[WhiteFideId "34643397"]
[BlackFideId "16289560"]
[EventCountry "GER"]
[EventRounds "9"]
[EventType "swiss"]
[EventDate "2025.06.07"]

1. e4 {[%clk 01:30:57]} {[%emt 00:00:03]} c5 {[%clk 01:30:37]} {[%emt
00:00:24]} 2. Nf3 {[%clk 01:31:06]} {[%emt 00:00:20]} d6 {[%clk 01:30:49]}
{[%emt 00:00:18]} 3. d4 {[%clk 01:31:19]} {[%emt 00:00:16]} Nf6 {[%clk
01:31:08]} {[%emt 00:00:12]} 4. Nc3 {[%clk 01:30:04]} {[%emt 00:01:45]} cxd4
{[%clk 01:31:32]} {[%emt 00:00:06]} 5. Nxd4 {[%clk 01:30:28]} {[%emt 00:00:06]}
g6 {[%clk 01:31:57]} {[%emt 00:00:06]} 6. Bc4 {[%clk 01:28:44]} {[%emt
00:02:13]} Bg7 {[%clk 01:32:17]} {[%emt 00:00:10]} 7. f3 {[%clk 01:29:01]}
{[%emt 00:00:13]} Nc6 {[%clk 01:32:02]} {[%emt 00:00:45]} 8. Be3 {[%clk
01:29:16]} {[%emt 00:00:14]} O-O {[%clk 01:32:26]} {[%emt 00:00:07]} 9. Qd2
{[%clk 01:29:28]} {[%emt 00:00:18]} Bd7 {[%clk 01:32:51]} {[%emt 00:00:04]} 10.
g4 {[%clk 01:29:14]} {[%emt 00:00:44]} Ne5 {[%clk 01:31:25]} {[%emt 00:01:57]}
11. Bb3 {[%clk 01:28:49]} {[%emt 00:00:55]} b5 {[%clk 01:30:18]} {[%emt
00:01:37]} 12. O-O-O {[%clk 01:26:33]} {[%emt 00:02:46]} a5 {[%clk 01:24:43]}
{[%emt 00:06:05]} 13. g5 {[%clk 01:22:30]} {[%emt 00:04:34]} Nh5 {[%clk
01:24:41]} {[%emt 00:00:31]} 14. f4 {[%clk 01:20:29]} {[%emt 00:02:30]} Nc4
{[%clk 01:24:34]} {[%emt 00:00:37]} 15. Bxc4 {[%clk 01:18:17]} {[%emt
00:02:44]} bxc4 {[%clk 01:25:00]} {[%emt 00:00:04]} 16. Nce2 {[%clk 01:12:30]}
{[%emt 00:06:16]} Bg4 {[%clk 01:18:20]} {[%emt 00:07:10]} 17. Rdg1 {[%clk
01:11:58]} {[%emt 00:01:00]} Bxe2 {[%clk 01:18:45]} {[%emt 00:00:07]} 18. Nxe2
{[%clk 01:12:06]} {[%emt 00:00:22]} Rb8 {[%clk 01:17:23]} {[%emt 00:01:52]} 19.
c3 {[%clk 01:11:50]} {[%emt 00:00:46]} a4 {[%clk 01:15:17]} {[%emt 00:02:36]}
20. a3 {[%clk 01:11:15]} {[%emt 00:01:05]} Rb3 {[%clk 01:03:05]} {[%emt
00:12:43]} 21. Ng3 {[%clk 01:05:47]} {[%emt 00:05:50]} Qb8 {[%clk 01:02:50]}
{[%emt 00:00:52]} 22. Qc2 {[%clk 01:04:26]} {[%emt 00:01:50]} Nxg3 {[%clk
00:59:03]} {[%emt 00:04:18]} 23. hxg3 {[%clk 01:04:36]} {[%emt 00:00:19]} Qb7
{[%clk 00:58:42]} {[%emt 00:00:52]} 24. Bd4 {[%clk 01:02:23]} {[%emt 00:02:44]}
Bxd4 {[%clk 00:50:20]} {[%emt 00:08:52]} 25. Qh2 {[%clk 01:01:29]} {[%emt
00:01:13]} Be3+ {[%clk 00:49:15]} {[%emt 00:01:45]} 26. Kb1 {[%clk 00:59:52]}
{[%emt 00:02:06]} Qxe4+ {[%clk 00:47:26]} {[%emt 00:02:20]} 27. Ka1 {[%clk
00:59:39]} {[%emt 00:00:41]} h5 {[%clk 00:47:43]} {[%emt 00:00:15]} 28. Re1
{[%clk 00:57:53]} {[%emt 00:02:16]} Rfb8 {[%clk 00:47:00]} {[%emt 00:01:13]}
29. Re2 {[%clk 00:58:07]} {[%emt 00:00:12]} Qd3 {[%clk 00:36:16]} {[%emt
00:11:18]} 30. Ka2 {[%clk 00:57:08]} {[%emt 00:01:29]} Bc5 {[%clk 00:35:28]}
{[%emt 00:01:17]} 31. Rc2 {[%clk 00:57:10]} {[%emt 00:00:29]} Qf5 {[%clk
00:35:02]} {[%emt 00:00:57]} 32. Rg2 {[%clk 00:56:48]} {[%emt 00:00:49]} Bxa3
{[%clk 00:33:26]} {[%emt 00:02:07]} 33. g4 {[%clk 00:56:16]} {[%emt 00:01:03]}
Qb5 {[%clk 00:33:08]} {[%emt 00:00:48]} 0-1

[Event "ODJM A 2025"]
[Site "Willingen GER"]
[Date "2025.06.12"]
[Round "7"]
[White "Ruddat, Jarne"]
[Black "Krause, Enrico"]
[Result "1-0"]
[Termination "normal"]
[Board "16"]
[WhiteElo "1925"]
[BlackElo "1792"]
[WhiteClock "00:58:38"]
[BlackClock "00:38:37"]
[PlyCount "33"]
[WhiteFideId "16254236"]
[BlackFideId "34618490"]
[EventCountry "GER"]
[EventRounds "9"]
[EventType "swiss"]
[EventDate "2025.06.07"]

1. e4 {[%clk 01:30:57]} {[%emt 00:00:03]} c6 {[%clk 01:30:58]} {[%emt
00:00:04]} 2. d4 {[%clk 01:31:19]} {[%emt 00:00:07]} d5 {[%clk 01:31:24]}
{[%emt 00:00:04]} 3. e5 {[%clk 01:31:41]} {[%emt 00:00:08]} c5 {[%clk
01:31:50]} {[%emt 00:00:05]} 4. Nf3 {[%clk 01:31:48]} {[%emt 00:00:21]} cxd4
{[%clk 01:32:15]} {[%emt 00:00:07]} 5. Nxd4 {[%clk 01:32:10]} {[%emt 00:00:08]}
Nc6 {[%clk 01:32:40]} {[%emt 00:00:05]} 6. c4 {[%clk 01:32:23]} {[%emt
00:00:16]} e6 {[%clk 01:31:53]} {[%emt 00:01:19]} 7. Nc3 {[%clk 01:32:37]}
{[%emt 00:00:14]} Bb4 {[%clk 01:26:54]} {[%emt 00:05:29]} 8. Nxc6 {[%clk
01:32:10]} {[%emt 00:00:57]} bxc6 {[%clk 01:27:18]} {[%emt 00:00:06]} 9. Bd3
{[%clk 01:32:16]} {[%emt 00:00:23]} d4 {[%clk 01:26:23]} {[%emt 00:01:26]} 10.
a3 {[%clk 01:25:42]} {[%emt 00:07:04]} Qa5 {[%clk 01:06:43]} {[%emt 00:20:11]}
11. axb4 {[%clk 01:23:40]} {[%emt 00:02:32]} Qxa1 {[%clk 01:06:55]} {[%emt
00:00:18]} 12. Ne4 {[%clk 01:23:18]} {[%emt 00:00:52]} Ne7 {[%clk 01:02:35]}
{[%emt 00:04:50]} 13. Nd6+ {[%clk 01:22:32]} {[%emt 00:01:15]} Kf8 {[%clk
01:02:51]} {[%emt 00:00:14]} 14. O-O {[%clk 01:22:23]} {[%emt 00:00:38]} Bd7
{[%clk 00:58:44]} {[%emt 00:04:38]} 15. Qg4 {[%clk 01:02:01]} {[%emt 00:20:51]}
Qa4 {[%clk 00:52:48]} {[%emt 00:06:28]} 16. Bd2 {[%clk 00:58:35]} {[%emt
00:03:55]} c5 {[%clk 00:38:37]} {[%emt 00:14:41]} 17. Qf3 {[%clk 00:58:38]}
{[%emt 00:00:27]} 1-0

[Event "ODJM A 2025"]
[Site "Willingen GER"]
[Date "2025.06.12"]
[Round "7"]
[White "Schilling, Rumo"]
[Black "Melde, Benjamin"]
[Result "0-1"]
[Termination "normal"]
[Board "17"]
[WhiteElo "1852"]
[BlackElo "2065"]
[WhiteClock "00:15:12"]
[BlackClock "00:22:37"]
[PlyCount "92"]
[WhiteFideId "16283139"]
[BlackFideId "12958816"]
[EventCountry "GER"]
[EventRounds "9"]
[EventType "swiss"]
[EventDate "2025.06.07"]

1. e4 {[%clk 01:30:27]} {[%emt 00:00:34]} c5 {[%clk 01:30:51]} {[%emt
00:00:09]} 2. Nc3 {[%clk 01:30:53]} {[%emt 00:00:04]} e6 {[%clk 01:31:14]}
{[%emt 00:00:07]} 3. f4 {[%clk 01:31:07]} {[%emt 00:00:17]} a6 {[%clk
01:31:38]} {[%emt 00:00:05]} 4. g3 {[%clk 01:23:39]} {[%emt 00:07:57]} b5
{[%clk 01:31:40]} {[%emt 00:00:28]} 5. Bg2 {[%clk 01:23:05]} {[%emt 00:01:04]}
Bb7 {[%clk 01:32:02]} {[%emt 00:00:08]} 6. d3 {[%clk 01:23:03]} {[%emt
00:00:33]} d5 {[%clk 01:32:24]} {[%emt 00:00:08]} 7. e5 {[%clk 01:01:40]}
{[%emt 00:21:53]} Nh6 {[%clk 01:31:06]} {[%emt 00:01:47]} 8. Nf3 {[%clk
01:01:13]} {[%emt 00:00:58]} Nf5 {[%clk 01:31:12]} {[%emt 00:00:23]} 9. Ne2
{[%clk 00:54:39]} {[%emt 00:07:05]} h5 {[%clk 01:31:02]} {[%emt 00:00:39]} 10.
d4 {[%clk 00:53:47]} {[%emt 00:01:23]} Nc6 {[%clk 01:29:42]} {[%emt 00:01:49]}
11. c3 {[%emt 00:22:25]} c4 {[%clk 01:10:59]} {[%emt 00:00:31]} 12. O-O {[%clk
00:38:17]} {[%emt 00:12:48]} g6 {[%clk 01:05:57]} {[%emt 00:05:33]} 13. Bd2
{[%clk 00:30:08]} {[%emt 00:08:38]} a5 {[%clk 00:59:49]} {[%emt 00:06:39]} 14.
h3 {[%clk 00:25:52]} {[%emt 00:04:46]} Ba6 {[%clk 00:58:19]} {[%emt 00:02:01]}
15. g4 {[%clk 00:24:38]} {[%emt 00:01:42]} hxg4 {[%clk 00:57:54]} {[%emt
00:00:56]} 16. hxg4 {[%clk 00:25:03]} {[%emt 00:00:05]} Nh4 {[%clk 00:58:15]}
{[%emt 00:00:08]} 17. Be1 {[%clk 00:25:19]} {[%emt 00:00:14]} Nxf3+ {[%clk
00:54:44]} {[%emt 00:04:01]} 18. Rxf3 {[%clk 00:25:41]} {[%emt 00:00:08]} Qd7
{[%clk 00:39:31]} {[%emt 00:15:44]} 19. Rh3 {[%clk 00:25:31]} {[%emt 00:00:40]}
Rg8 {[%clk 00:38:28]} {[%emt 00:01:33]} 20. Bh4 {[%clk 00:23:56]} {[%emt
00:02:05]} Be7 {[%clk 00:35:08]} {[%emt 00:03:50]} 21. Bxe7 {[%clk 00:24:06]}
{[%emt 00:00:20]} Qxe7 {[%clk 00:27:33]} {[%emt 00:08:05]} 22. Qc2 {[%clk
00:22:11]} {[%emt 00:02:25]} O-O-O {[%clk 00:25:06]} {[%emt 00:02:58]} 23. Kf2
{[%clk 00:20:46]} {[%emt 00:01:54]} g5 {[%clk 00:16:25]} {[%emt 00:09:10]} 24.
f5 {[%clk 00:20:57]} {[%emt 00:00:20]} f6 {[%clk 00:16:34]} {[%emt 00:00:21]}
25. Rah1 fxe5 26. Ke1 {[%clk 00:16:10]} {[%emt 00:03:08]} exd4 {[%clk
00:13:31]} {[%emt 00:02:53]} 27. Nxd4 {[%clk 00:15:43]} {[%emt 00:00:57]} Nxd4
{[%clk 00:13:35]} {[%emt 00:00:27]} 28. cxd4 {[%clk 00:16:01]} {[%emt
00:00:11]} exf5+ {[%clk 00:13:37]} {[%emt 00:00:27]} 29. Kd1 {[%clk 00:16:25]}
fxg4 {[%clk 00:13:55]} {[%emt 00:00:19]} 30. Qf5+ {[%emt 00:06:40]} Kb8 {[%emt
00:01:47]} 31. Qxg4 {[%clk 00:10:20]} {[%emt 00:01:58]} Bc8 {[%clk 00:04:20]}
{[%emt 00:07:15]} 32. Qg3+ {[%clk 00:10:44]} {[%emt 00:00:05]} Qd6 {[%clk
00:04:38]} {[%emt 00:00:13]} 33. Qxd6+ {[%clk 00:10:55]} {[%emt 00:00:19]} Rxd6
{[%clk 00:05:06]} {[%emt 00:00:01]} 34. Rg3 {[%clk 00:10:30]} {[%emt 00:00:55]}
g4 {[%clk 00:04:20]} {[%emt 00:01:16]} 35. Bf3 {[%clk 00:07:55]} {[%emt
00:03:06]} Rg5 {[%clk 00:04:06]} {[%emt 00:00:43]} 36. Kd2 {[%clk 00:07:27]}
{[%emt 00:00:59]} Rdg6 {[%clk 00:04:09]} {[%emt 00:00:27]} 37. Rhg1 {[%clk
00:07:32]} {[%emt 00:00:25]} Kc7 {[%clk 00:03:53]} {[%emt 00:00:46]} 38. Be2
{[%clk 00:04:42]} {[%emt 00:03:21]} b4 {[%clk 00:03:43]} {[%emt 00:00:39]} 39.
Bf3 {[%clk 00:03:04]} {[%emt 00:02:08]} Kc6 {[%clk 00:03:09]} {[%emt 00:01:03]}
40. R1g2 {[%clk 00:02:33]} {[%emt 00:01:01]} Kb5 {[%clk 00:03:14]} {[%emt
00:00:27]} 41. Be2 {[%clk 00:01:35]} {[%emt 00:01:27]} Kc6 {[%clk 00:27:02]}
{[%emt 00:06:41]} 42. Bf3 {[%clk 00:28:16]} {[%emt 00:03:50]} Kd6 {[%clk
00:26:55]} {[%emt 00:00:37]} 43. Be2 {[%clk 00:25:46]} {[%emt 00:03:00]} Bd7
{[%emt 00:00:43]} 44. Rg1 {[%emt 00:13:33]} Rg7 {[%clk 00:24:51]} 45. R1g2
{[%clk 00:15:11]} {[%emt 00:00:23]} Re7 {[%clk 00:22:38]} {[%emt 00:02:42]} 46.
Bf3 {[%clk 00:15:12]} {[%emt 00:00:30]} gxf3 {[%clk 00:22:37]} {[%emt
00:00:31]} 0-1

[Event "ODJM A 2025"]
[Site "Willingen GER"]
[Date "2025.06.12"]
[Round "7"]
[White "Storm, Max"]
[Black "Tiedemann, Fin Niklas"]
[Result "1-0"]
[Termination "normal"]
[Board "18"]
[WhiteElo "2061"]
[BlackElo "1938"]
[WhiteClock "00:23:57"]
[BlackClock "00:07:14"]
[PlyCount "139"]
[WhiteFideId "34625658"]
[BlackFideId "12936936"]
[EventCountry "GER"]
[EventRounds "9"]
[EventType "swiss"]
[EventDate "2025.06.07"]

1. e4 {[%clk 01:30:57]} {[%emt 00:00:02]} e5 {[%clk 01:30:57]} {[%emt
00:00:04]} 2. Nf3 {[%clk 01:31:21]} {[%emt 00:00:06]} Nc6 {[%clk 01:31:21]}
{[%emt 00:00:06]} 3. Bb5 {[%clk 01:31:47]} {[%emt 00:00:04]} a6 {[%clk
01:31:47]} {[%emt 00:00:05]} 4. Bxc6 {[%clk 01:32:14]} {[%emt 00:00:02]} dxc6
{[%clk 01:32:09]} {[%emt 00:00:08]} 5. O-O {[%clk 01:32:39]} {[%emt 00:00:05]}
Qf6 {[%clk 01:31:33]} {[%emt 00:01:05]} 6. d4 {[%clk 01:31:28]} {[%emt
00:01:41]} exd4 {[%clk 01:31:56]} {[%emt 00:00:09]} 7. Bg5 {[%clk 01:29:37]}
{[%emt 00:02:19]} Qd6 {[%clk 01:32:13]} {[%emt 00:00:15]} 8. Qxd4 {[%clk
01:26:04]} {[%emt 00:04:01]} Bd7 {[%clk 01:24:39]} {[%emt 00:08:05]} 9. Nc3
{[%clk 01:21:50]} {[%emt 00:04:44]} Ne7 {[%clk 01:14:51]} {[%emt 00:10:18]} 10.
Rad1 {[%clk 01:14:33]} {[%emt 00:07:46]} Ng6 {[%clk 01:14:35]} {[%emt
00:00:47]} 11. Qe3 {[%clk 01:10:35]} {[%emt 00:04:27]} Qc5 {[%clk 01:08:56]}
{[%emt 00:06:09]} 12. Qd2 {[%clk 01:10:19]} {[%emt 00:00:46]} Qd6 {[%clk
01:08:32]} {[%emt 00:00:55]} 13. Qc1 {[%clk 01:10:22]} {[%emt 00:00:27]} Qc5
{[%clk 00:57:55]} {[%emt 00:11:07]} 14. e5 {[%clk 00:57:09]} {[%emt 00:13:42]}
Be7 {[%clk 00:44:05]} {[%emt 00:14:21]} 15. Ne4 {[%clk 00:51:55]} {[%emt
00:05:43]} Qb4 {[%clk 00:25:10]} {[%emt 00:19:26]} 16. Rd4 {[%clk 00:39:17]}
{[%emt 00:13:07]} Bxg5 {[%clk 00:23:17]} {[%emt 00:02:24]} 17. Qxg5 {[%clk
00:36:58]} {[%emt 00:02:48]} Qe7 {[%clk 00:23:41]} {[%emt 00:00:07]} 18. Nf6+
{[%clk 00:32:07]} {[%emt 00:05:20]} gxf6 {[%clk 00:24:02]} {[%emt 00:00:10]}
19. exf6 {[%clk 00:32:30]} {[%emt 00:00:07]} h6 {[%clk 00:22:40]} {[%emt
00:01:53]} 20. Qd2 {[%clk 00:28:36]} {[%emt 00:04:23]} Qxf6 {[%clk 00:22:05]}
{[%emt 00:01:05]} 21. Rxd7 {[%clk 00:28:45]} {[%emt 00:00:21]} Nf4 {[%clk
00:21:28]} {[%emt 00:01:07]} 22. Re1+ {[%clk 00:28:16]} {[%emt 00:00:59]} Ne6
{[%clk 00:15:22]} {[%emt 00:06:36]} 23. Rxc7 {[%clk 00:25:20]} {[%emt
00:03:26]} O-O {[%clk 00:13:12]} {[%emt 00:02:40]} 24. Rxb7 {[%clk 00:23:52]}
{[%emt 00:01:58]} Rad8 {[%clk 00:08:12]} {[%emt 00:05:30]} 25. Qb4 {[%clk
00:19:40]} {[%emt 00:04:41]} Rd5 {[%clk 00:07:54]} {[%emt 00:00:48]} 26. Qe7
{[%clk 00:17:05]} {[%emt 00:03:05]} Qxe7 {[%clk 00:03:18]} {[%emt 00:05:07]}
27. Rxe7 {[%clk 00:17:31]} {[%emt 00:00:02]} Rb8 {[%clk 00:03:36]} {[%emt
00:00:13]} 28. b3 {[%clk 00:16:56]} {[%emt 00:01:05]} a5 {[%clk 00:01:57]}
{[%emt 00:02:10]} 29. Ne5 {[%clk 00:15:50]} {[%emt 00:01:35]} Nd4 {[%clk
00:00:56]} {[%emt 00:01:32]} 30. Nd7 {[%clk 00:14:51]} {[%emt 00:01:28]} Rd8
{[%clk 00:00:37]} {[%emt 00:00:50]} 31. Nf6+ {[%clk 00:15:07]} {[%emt
00:00:13]} Kf8 {[%clk 00:00:49]} {[%emt 00:00:19]} 32. Re8+ {[%clk 00:14:29]}
{[%emt 00:01:08]} Kg7 {[%clk 00:01:12]} {[%emt 00:00:07]} 33. Nxd5 {[%clk
00:14:51]} {[%emt 00:00:06]} Rxd5 {[%clk 00:01:30]} {[%emt 00:00:13]} 34. c4
{[%clk 00:14:07]} {[%emt 00:01:13]} Rg5 {[%clk 00:01:06]} {[%emt 00:00:56]} 35.
Kf1 {[%clk 00:14:21]} {[%emt 00:00:15]} a4 {[%clk 00:00:49]} {[%emt 00:00:47]}
36. R8e4 {[%clk 00:13:06]} {[%emt 00:01:44]} c5 {[%clk 00:00:44]} {[%emt
00:00:37]} 37. bxa4 {[%clk 00:07:55]} {[%emt 00:05:41]} Rg6 {[%clk 00:00:44]}
{[%emt 00:00:29]} 38. Re5 {[%clk 00:07:21]} {[%emt 00:01:04]} Ra6 {[%clk
00:00:56]} {[%emt 00:00:19]} 39. Rxc5 {[%clk 00:07:15]} {[%emt 00:00:35]} Rxa4
{[%clk 00:01:22]} {[%emt 00:00:05]} 40. Rc8 {[%clk 00:06:25]} {[%emt 00:01:19]}
Rxa2 {[%clk 00:01:33]} {[%emt 00:00:20]} 41. c5 {[%clk 00:05:25]} {[%emt
00:01:29]} Rc2 {[%clk 00:01:14]} {[%emt 00:00:50]} 42. Rd1 {[%clk 00:04:35]}
{[%emt 00:01:18]} Rc4 {[%clk 00:00:33]} {[%emt 00:01:12]} 43. Ke1 {[%clk
00:00:41]} {[%emt 00:04:23]} Kf6 {[%clk 00:27:48]} {[%emt 00:03:16]} 44. Kd2
{[%clk 00:29:32]} {[%emt 00:01:38]} Ke6 {[%clk 00:24:17]} {[%emt 00:04:03]} 45.
Kd3 {[%clk 00:29:17]} {[%emt 00:00:43]} Ra4 {[%clk 00:24:43]} {[%emt 00:00:06]}
46. Re1+ {[%clk 00:28:51]} {[%emt 00:00:54]} Kd7 {[%clk 00:23:46]} {[%emt
00:01:28]} 47. Rf8 {[%clk 00:28:47]} {[%emt 00:00:33]} f5 {[%clk 00:23:22]}
{[%emt 00:00:56]} 48. Re5 {[%clk 00:27:37]} {[%emt 00:01:38]} Nc6 {[%clk
00:22:46]} {[%emt 00:01:07]} 49. Rf7+ {[%clk 00:26:52]} {[%emt 00:01:14]} Kd8
{[%clk 00:22:59]} {[%emt 00:00:18]} 50. Rexf5 {[%clk 00:26:38]} {[%emt
00:00:44]} Ra3+ {[%clk 00:18:34]} {[%emt 00:04:56]} 51. Kc4 {[%clk 00:26:52]}
{[%emt 00:00:14]} Ra1 {[%clk 00:18:06]} {[%emt 00:00:58]} 52. Rf8+ {[%clk
00:25:36]} {[%emt 00:01:46]} Kd7 {[%clk 00:18:04]} {[%emt 00:00:33]} 53. R5f7+
{[%clk 00:25:57]} {[%emt 00:00:08]} Ne7 {[%clk 00:18:23]} {[%emt 00:00:12]} 54.
c6+ {[%clk 00:26:06]} {[%emt 00:00:21]} Kd6 {[%clk 00:18:43]} {[%emt 00:00:10]}
55. Rf6+ {[%clk 00:26:03]} {[%emt 00:00:32]} Ke5 {[%clk 00:18:42]} {[%emt
00:00:32]} 56. Rxh6 {[%clk 00:25:59]} {[%emt 00:00:33]} Rc1+ {[%clk 00:18:50]}
{[%emt 00:00:23]} 57. Kb5 {[%clk 00:25:40]} {[%emt 00:00:48]} Rb1+ {[%clk
00:19:13]} {[%emt 00:00:08]} 58. Kc5 {[%clk 00:25:26]} {[%emt 00:00:44]} Rc1+
{[%clk 00:19:22]} {[%emt 00:00:21]} 59. Kb6 {[%clk 00:24:10]} {[%emt 00:01:45]}
Nd5+ {[%clk 00:19:19]} {[%emt 00:00:35]} 60. Kb7 {[%clk 00:24:05]} {[%emt
00:00:34]} Rb1+ {[%clk 00:08:09]} {[%emt 00:11:41]} 61. Kc8 {[%clk 00:23:11]}
{[%emt 00:01:24]} Nb6+ {[%clk 00:08:35]} {[%emt 00:00:03]} 62. Kd8 {[%clk
00:23:13]} {[%emt 00:00:27]} Rd1+ {[%clk 00:08:49]} {[%emt 00:00:18]} 63. Ke8
{[%clk 00:23:06]} {[%emt 00:00:36]} Nc8 {[%clk 00:09:01]} {[%emt 00:00:20]} 64.
Kf7 {[%clk 00:22:59]} {[%emt 00:00:35]} Nd6+ {[%clk 00:08:52]} {[%emt
00:00:40]} 65. Rxd6 {[%clk 00:22:50]} {[%emt 00:00:39]} Rxd6 {[%clk 00:09:16]}
{[%emt 00:00:07]} 66. Re8+ {[%clk 00:23:01]} {[%emt 00:00:18]} Kf5 {[%clk
00:09:05]} {[%emt 00:00:42]} 67. c7 {[%clk 00:23:21]} {[%emt 00:00:09]} Kf4
{[%clk 00:06:45]} {[%emt 00:02:49]} 68. g3+ {[%clk 00:23:20]} {[%emt 00:00:31]}
Kg5 {[%clk 00:07:03]} {[%emt 00:00:12]} 69. h4+ {[%clk 00:23:33]} {[%emt
00:00:17]} Kh5 {[%clk 00:07:14]} {[%emt 00:00:19]} 70. Rh8+ {[%clk 00:23:57]}
{[%emt 00:00:07]} 1-0